000 00703nam a2200169 i 4500
001 162249
003 ES-MaACL
005 20230906212449.0
008 160420s1878 fr |||| | fre d
110 2 _aLibrairie de A. Eudes.
_9159395
245 1 0 _aCatalogue trimestreal de livres de divers genres en vente aux prix marqués á la Librairie de A. Eudes.. :
_bouvrages par ordre alphabétique : juillet a septembre 1878.
260 _a[Paris :
_bA. Eudes,
_c1878]
300 _a113 p. ;
_c21 cm.
610 2 4 _aLibrería de A. Eudes-
_vCatálogos.
_9159421
650 4 _aLibros-
_vCatálogos comerciales.
_9159004
852 _aES-MaACL
_jT-273-F-3
_z- Enc. en un vol. facticio conservando la cub. original
999 _c162249
_d162249